| 000 | 00000nam##2200000za#4500 |
| 001 | 9.689319 |
| 003 | CaOODSP |
| 005 | 20210624231836 |
| 007 | cr ||||||||||| |
| 008 | 150407|2007||||xxc|||||o f|0| 0 eng|d |
| 020 | |a978-0-662-45150-1 |
| 040 | |aCaOODSP|beng |
| 043 | |an-cn--- |
| 086 | 1 |aH34-167/2007E-PDF |
| 110 | 1 |aCanada. |bHealth Canada. |
| 245 | 10|aProcedure for addressing drinking water advisories in First Nations communities south of 60° |h[electronic resource] |
| 260 | |aOttawa - Ontario : |bHealth Canada |cc2007. |
| 300 | |a23p.|bfig., references, tables |
| 500 | |aThe catalogue number (H34-167/2007) and ISBN (978-0-662-49910-7) for the bilingual print edition have been incorrectly copied in this PDF version. |
| 520 | 3 |aThis procedure outlines the protocol for dealing with drinking water advisories in First Nations communities. It explains how a First Nation community should form a community based water team to respond to different types of water advisories. The procedure describes roles and responsibilities and options for responding to a drinking water advisory. Includes a template for an action plan, a list of team members, and a list of available resources. |
| 590 | |a11-06-Supp|b2011-04-14 |
| 690 | 07|aDrinking water|2gcpds |
| 775 | 08|tProcédure ayant trait aux avis concernant la qualité de l'eau potable dans les communautés des Premières nations au sud du 60e parallèle |w(CaOODSP)9.633731 |
| 776 | 0#|tProcedure for addressing drinking water advisories in First Nations communities south of 60° |w(CaOODSP)9.668485 |
| 776 | 0#|tProcédure ayant trait aux avis concernant la qualité de l'eau potable dans les communautés des Premières nations au sud du 60e parallèle |w(CaOODSP)9.668486 |
| 856 | 40|ahttp://publications.gc.ca|qPDF|s7181 KB|uhttps://publications.gc.ca/collections/collection_2010/sc-hc/H34-167-2007-eng.pdf |
| 986 | |aHC Pub.: 3433 |